000 00907nam0a22002651 4500
001 rc\4009876
005 20130415125710.7
021 _aRU
_b[54-56519]
035 _a(NLR Aleph) 007946058
090 _a8309314
_c8309314
100 _a20130415d1954 |||y0rusy50 ca
101 1 _arus
_caze
102 _aRU
105 _aa z |||a|
200 1 _aРейхан
_eПоэма
_e[Для мл. школьного возраста]
_fАвториз. пер. с азерб. Т. Спендиаровой
_gРис. Н. Германа
210 _aМосква
_cДетгиз
_d1954
215 _a40 с.
_cил.
_d20
700 1 _aДильбази
_bМ. П. кызы
_f1912-
_gМирварид Паша кызы
702 1 _aГерман
_bН.
_4440
702 1 _aСпендиарова
_bТ.
_4730
801 0 _aRU
_bNLR
_gpsbo
801 1 _aRU
_bELAR
_2rusmarc
852 _aNLR
_jДл02 Г-4/2034
942 _cBOOK
980 _aNB